000
00293nam a22001337a 4500
003
SGT
020
_a
9780470661239
082
_a
363.25
_b
HAL
100
_a
HALL DAVID W
245
_a
FORENSIC BOTANY A PRACTICAL GUIDE
260
_a
USA
_b
WILEY PUB
_c
2012
300
_a
195
942
_2
ddc
_c
BK
999
_c
34721
_d
34721